Ochrana domácich výrobcov proti subvencovaným dovozom
Zákon o subvenciách a vyrovnávacích opatreniach č. 226/1997 Z.z. a praktická colá politika na Slovensku. Subvencie do poľnohospodárstva a Dohoda o poľnohospodárstve GATT 1994.
Salvato in:
| Autore principale: | |
|---|---|
| Natura: | Capitolo di libro |
| Lingua: | slovacco |
| Soggetti: | |
| Tags: |
Nessun Tag, puoi essere il primo ad aggiungerne!!
|
MARC
| LEADER | 00000naa a2200000 4500 | ||
|---|---|---|---|
| 001 | r035172 | ||
| 005 | 20230911130430.3 | ||
| 041 | 0 | |a slo | |
| 044 | |a SK | ||
| 245 | 1 | 0 | |a Ochrana domácich výrobcov proti subvencovaným dovozom |c Jana Kubicová |
| 520 | |a Zákon o subvenciách a vyrovnávacích opatreniach č. 226/1997 Z.z. a praktická colá politika na Slovensku. Subvencie do poľnohospodárstva a Dohoda o poľnohospodárstve GATT 1994. | ||
| 610 | 2 | 0 | |a politika colná |
| 610 | 2 | 0 | |a clá |
| 610 | 2 | 0 | |a subvencie |
| 610 | 2 | 0 | |a poľnohospodárstvo |
| 610 | 2 | 0 | |a podpora vývozu |
| 610 | 2 | 0 | |a výroba |
| 610 | 2 | 0 | |a zákony |
| 610 | 2 | 0 | |a Slovensko |
| 610 | 2 | 0 | |a 1997 |
| 100 | 1 | |a Kubicová, Jana, 1961- | |